Camping (Record no. 45112)

MARC details
000 -LEADER
campo de control de longitud fija 00793nam a2200217 i 4500
001 - NÚMERO DE CONTROL
campo de control 45112
003 - IDENTIFICADOR DE NÚMERO DE CONTROL
campo de control ES-MaACL
005 - FECHA Y HORA DE LA ÚLTIMA TRANSACCIÓN
campo de control 20250827035057.0
007 - CAMPO FIJO DE DESCRIPCIÓN FÍSICA--INFORMACIÓN GENERAL
campo de control de longitud fija t|
008 - DATOS DE LONGITUD FIJA--INFORMACIÓN GENERAL
campo de control de longitud fija 030325s1964 sp ||||1| cat d
100 1# - ENTRADA PRINCIPAL--NOMBRE DE PERSONA
Nombre de persona Codina y Ramón, Pablo.
9 (RLIN) 39438
245 10 - MENCIÓN DEL TÍTULO
Título Camping
Resto del título : técnica, orientacions generals /
Mención de responsabilidad, etc. Pau Codina i Ramon ; illustracions de Jaume Ramón i Morros ; proleg de F. Martínez Massó.
260 ## - PUBLICACIÓN, DISTRIBUCIÓN, ETC.
Lugar de publicación, distribución, etc. Barcelona :
Nombre del editor, distribuidor, etc. Rafael Dalmau,
Fecha de publicación, distribución, etc. [1964]
300 ## - DESCRIPCIÓN FÍSICA
Extensión 96 p., 5 lám. ;
Dimensiones 17 cm.
500 ## - NOTA GENERAL
Nota general Precede al tít.: Unió Excursionista de Catalunya.
700 1# - ENTRADA AGREGADA--NOMBRE PERSONAL
Nombre de persona Ramón i Morros, Jaume.
9 (RLIN) 95216
700 1# - ENTRADA AGREGADA--NOMBRE PERSONAL
Nombre de persona Martínez Massó, F.
9 (RLIN) 78218
710 2# - ENTRADA AGREGADA--NOMBRE DE ENTIDAD CORPORATIVA
Nombre de entidad corporativa o nombre de jurisdicción como elemento de entrada Unió Excursionista de Catalunya (Barcelona)
9 (RLIN) 7004
852 ## - LOCALIZACIÓN
Ubicación ES-MaACL
Número de control de estantería C-25743
Sublocalización o colección R.54413
Holdings
Estatus retirado Estado de pérdida Estado de daño No para préstamo Biblioteca de origen Biblioteca actual Ubicación en estantería Fecha de adquisición Fuente de adquisición Total de préstamos Signatura topográfica completa Código de barras Visto por última vez Precio de reemplazo Tipo de ítem Koha
        Biblioteca del Ateneo de Madrid Biblioteca del Ateneo de Madrid Depósito 2 17/01/2008     C-25743 1047475 23/02/2023 23/02/2023 Libro impreso